000 00442nam a2200169Ia 4500
003 GCL
008 140319s9999 xx 000 0 eng d
040 _aGCL /
_cGCL
082 0 4 _a604.2
_bM E
100 1 _aMOSTAFA, AHMED
245 1 0 _aENGINEERING DRAWING WORKBOOK /
_cMOSTAFA, AHMED
260 _a[S.N] :
_bDAR EL- RABAB- AL- JAMIAH
300 _a350 P
650 0 4 _aالتحليل الرياضى
650 0 4 _aDRAWING
942 _2ddc
_cBK
999 _c16937
_d16937